<?xml version="1.0" encoding="UTF-8"?>
<record
    xmlns:xsi="http://www.w3.org/2001/XMLSchema-instance"
    xsi:schemaLocation="http://www.loc.gov/MARC21/slim http://www.loc.gov/standards/marcxml/schema/MARC21slim.xsd"
    xmlns="http://www.loc.gov/MARC21/slim">

  <leader>01019nam a22002057a 4500</leader>
  <datafield tag="999" ind1=" " ind2=" ">
    <subfield code="c">1439</subfield>
    <subfield code="d">1439</subfield>
  </datafield>
  <controlfield tag="001">19199</controlfield>
  <controlfield tag="003">BD-DhUAP</controlfield>
  <controlfield tag="005">20210121111037.0</controlfield>
  <controlfield tag="008">200206r20152014bg ||||| |||| 00| 0 ben d</controlfield>
  <datafield tag="020" ind1=" " ind2=" ">
    <subfield code="a">9789848770085</subfield>
  </datafield>
  <datafield tag="040" ind1=" " ind2=" ">
    <subfield code="a">BD-DhUAP</subfield>
    <subfield code="b">Eng</subfield>
    <subfield code="c">BD-DhUAP</subfield>
    <subfield code="d">BD-DhUAP</subfield>
  </datafield>
  <datafield tag="082" ind1=" " ind2=" ">
    <subfield code="2">23</subfield>
    <subfield code="a">345.54920277 KHA</subfield>
  </datafield>
  <datafield tag="100" ind1=" " ind2=" ">
    <subfield code="a">&#x996;&#x9BE;&#x9A8;, &#x9AE;&#x9CB;&#x983; &#x9AE;&#x9CB;&#x9B8;&#x9B2;&#x9C7;&#x9AE; &#x989;&#x9A6;&#x9CD;&#x9A6;&#x9BF;&#x9A8;&#x964; </subfield>
  </datafield>
  <datafield tag="245" ind1=" " ind2=" ">
    <subfield code="a">&#x9AE;&#x9BE;&#x9A6;&#x995;&#x9A6;&#x9CD;&#x9B0;&#x9AC;&#x9CD;&#x9AF; &#x9A8;&#x9BF;&#x9AF;&#x9BC;&#x9A8;&#x9CD;&#x9A4;&#x9CD;&#x9B0;&#x9A3; &#x986;&#x987;&#x9A8; &#x993; &#x9AC;&#x9BF;&#x9A7;&#x9BF;&#x9AE;&#x9BE;&#x9B2;&#x9BE; &#x98F;&#x9AC;&#x982; &#x9A1;&#x9CD;&#x9B0;&#x9BE;&#x997; (&#x9A8;&#x9BF;&#x9AF;&#x9BC;&#x9A8;&#x9CD;&#x9A4;&#x9CD;&#x9B0;&#x9A3;) &#x985;&#x9A7;&#x9CD;&#x9AF;&#x9BE;&#x9A6;&#x9C7;&#x9B6; = Narcotics control and drugs acts /</subfield>
    <subfield code="c">&#x9AE;&#x9CB;&#x983; &#x9AE;&#x9CB;&#x9B8;&#x9B2;&#x9C7;&#x9AE; &#x989;&#x9A6;&#x9CD;&#x9A6;&#x9BF;&#x9A8; &#x996;&#x9BE;&#x9A8;&#x964;</subfield>
  </datafield>
  <datafield tag="250" ind1=" " ind2=" ">
    <subfield code="a">&#x9E8;&#x9AF;&#x9BC; &#x9B8;&#x982;.&#x964;</subfield>
  </datafield>
  <datafield tag="260" ind1=" " ind2=" ">
    <subfield code="a">&#x9A2;&#x9BE;&#x995;&#x9BE; :</subfield>
    <subfield code="b">&#x9B6;&#x9B0;&#x9AB;&#x9C1;&#x9A6;&#x9CD;&#x9A6;&#x9BF;&#x9A8; &#x9B2;' &#x9AC;&#x9C1;&#x995; &#x995;&#x9CB;&#x9AE;&#x9CD;&#x9AA;&#x9BE;&#x9A8;&#x9BF;,</subfield>
    <subfield code="c">c&#x9E8;&#x9E6;&#x9E7;&#x9EA; [&#x9AE;&#x9C1;&#x9A6;&#x9CD;&#x9B0;&#x9A3; &#x9E8;&#x9E6;&#x9E7;&#x9EB;]&#x964;</subfield>
  </datafield>
  <datafield tag="300" ind1=" " ind2=" ">
    <subfield code="a">&#x9EA;&#x9E9;&#x9E7; &#x9AA;&#x9C3;&#x9B7;&#x9CD;&#x9A0;&#x9BE; ;</subfield>
    <subfield code="c">&#x9E8;&#x9E8; &#x9B8;&#x9C7;&#x9AE;&#x9BF;.&#x964;</subfield>
  </datafield>
  <datafield tag="650" ind1=" " ind2=" ">
    <subfield code="a">Narcotics law</subfield>
    <subfield code="v">Criminal provision</subfield>
    <subfield code="z">Bangladesh.</subfield>
  </datafield>
  <datafield tag="942" ind1=" " ind2=" ">
    <subfield code="2">ddc</subfield>
    <subfield code="c">BK</subfield>
  </datafield>
  <datafield tag="952" ind1=" " ind2=" ">
    <subfield code="0">0</subfield>
    <subfield code="1">0</subfield>
    <subfield code="2">ddc</subfield>
    <subfield code="4">0</subfield>
    <subfield code="7">0</subfield>
    <subfield code="a">UAPCL</subfield>
    <subfield code="b">UAPCL</subfield>
    <subfield code="c">General Stacks</subfield>
    <subfield code="d">2020-02-06</subfield>
    <subfield code="o">345.54920277 KHA</subfield>
    <subfield code="p">3010019199</subfield>
    <subfield code="r">2020-02-06</subfield>
    <subfield code="t">1</subfield>
    <subfield code="w">2020-02-06</subfield>
    <subfield code="y">BK</subfield>
  </datafield>
</record>
